00779nam a2200253Ia 4500001000600000003000500006008004100011010001100052040000900063082001600072100003200088245012300120260003200243300003100275650001800306650004000324901001600364902000600380910000900386942000600395942000700401999001900408952009800427Z_897CHAP220113s1971 xx 000 0 und d a163972 cCHAP a636.592 K4y aKessel, Mortimer von963102 aProducción comercial de pavos broiler: manejo, cría, comercialización y enfermedades /cpor Mortimer von Kessel aZaragoza :bAcribia,c1971 a207 p. : bilus.; gráfs. aPavos 986300 aPollos para el asador I. t.9138021 a636.592 K4Y aM a1971 c1 cc1 c163972d163972 00102ddc40708GRALaZbZc3d2005-11-09pz_0796r2022-01-18 00:00:00t1w2022-01-18yLIBRO